A carregar...
Writings on Indian constitutions 1861-1972
| Autor principal: | |
|---|---|
| Formato: | Printed Book |
| Idioma: | English |
| Publicado em: |
Delhi
Indian bibligraphies bureau
1984
|
| Assuntos: |
| LEADER | 00513nam a22001577a 4500 | ||
|---|---|---|---|
| 003 | OSt | ||
| 008 | 100527t xxu||||| |||| 00| 0 eng d | ||
| 080 | |a 342.4(540) |b RAN | ||
| 100 | |a Rana, M. S. |9 15017 | ||
| 245 | |a Writings on Indian constitutions 1861-1972 | ||
| 260 | |a Delhi |b Indian bibligraphies bureau |c 1984 | ||
| 300 | |a 496p. | ||
| 653 | |a Constitution-India | ||
| 942 | |c BK |6 _ | ||
| 999 | |c 194324 |d 194324 | ||
| 952 | |0 0 |1 0 |4 0 |6 3424540_RAN |7 0 |9 250016 |a SLS |b SLS |d 2010-05-27 |o 342.4(540) RAN |p SLS001335 |r 2010-05-27 |w 2010-05-27 |y BK | ||